Frontier Warfare - India : (Record no. 551482)
[ view plain ]
| 000 -LEADER | |
|---|---|
| fixed length control field | 00504cam a2200181 a 4500 |
| 020 ## - INTERNATIONAL STANDARD BOOK NUMBER | |
| International Standard Book Number | 378900992X |
| 082 ## - DEWEY DECIMAL CLASSIFICATION NUMBER | |
| Classification number | 355.00941 |
| Author Mark | FRO |
| 100 ## - MAIN ENTRY--PERSONAL NAME | |
| Personal name | Ogilvie, G, Macl,C. |
| 9 (RLIN) | 48611 |
| 245 00 - TITLE STATEMENT | |
| Title | Frontier Warfare - India : |
| Statement of responsibility, etc. | Ogilvie, G, Macl,C. |
| 250 ## - EDITION STATEMENT | |
| Edition statement | . |
| 260 ## - PUBLICATION, DISTRIBUTION, ETC. | |
| Place of publication, distribution, etc. | New Dehli : |
| Date of publication, distribution, etc. | 1939. |
| 300 ## - PHYSICAL DESCRIPTION | |
| Extent | vii, 229 p. ; |
| Dimensions | 23 cm. |
| 526 ## - STUDY PROGRAM INFORMATION NOTE | |
| Program name | 0 |
| Interest level | 0 |
| Reading level | 0 |
| Title point value | 355_009410000000000_FRO |
| 650 #0 - SUBJECT ADDED ENTRY--TOPICAL TERM | |
| Topical term or geographic name entry element | Defensive (Military science) |
| 9 (RLIN) | 48612 |
| 650 #0 - SUBJECT ADDED ENTRY--TOPICAL TERM | |
| Topical term or geographic name entry element | MCE |
| 9 (RLIN) | 379 |
| 700 1# - ADDED ENTRY--PERSONAL NAME | |
| Personal name | Müller, Erwin, |
| 9 (RLIN) | 48613 |
| 942 ## - ADDED ENTRY ELEMENTS (KOHA) | |
| Source of classification or shelving scheme | |
| Koha item type | Book |
| Withdrawn status | Lost status | Source of classification or shelving scheme | Damaged status | Not for loan | Permanent Location | Current Location | Date acquired | Total Checkouts | Full call number | Barcode | Date last seen | Price effective from | Koha item type |
|---|---|---|---|---|---|---|---|---|---|---|---|---|---|
| Military College of Engineering (MCE) | Military College of Engineering (MCE) | 12/15/2014 | 355.00941 FRO | MCE-ECF/38 | 12/15/2014 | 12/15/2014 | Book |
